| 000 | 01118nam a22002177a 4500 | ||
|---|---|---|---|
| 005 | 20230323150433.0 | ||
| 008 | 230301b ||||| |||| 00| 0 eng d | ||
| 020 | _a9814033944 | ||
| 040 | _cAL | ||
| 041 | _aeng | ||
| 082 |
_223 _a581.192 _bDEYP |
||
| 100 |
_aP.M. Dey _973732 |
||
| 245 | _aPlant Biochemistry | ||
| 260 |
_aNew Delhi _bAcademic Press _c2000 |
||
| 300 |
_aviii,554p. _bPB _c24x18cm. |
||
| 365 |
_2General _aABDI/0658/23 _b₹1496.00 _c₹ _d₹1995.00 _e25% _f13/02/2023 |
||
| 520 | _aThe Plant the Cell and its Molecular Components;Photosynthesis;Carbohydrate Metabolism: Primary Metabolism of Monosaccharides; Carbohydrate Metabolism: Storage Carbohydrate; Carbohydrate Metabolism: Structural Carbohydrate: Plant Lipid Metabolism; Primary Nitrogen Metabolism; Nucleic Acids and Proteins; Regulation of Gene Expression in Plants; Phenolic Metabolism; Isoprenoid Metabolism; Special Nitrogen Metabolism; Biochemical Plant Pathology; Biochemical Plant Ecology; Plant Cell biotechnology. | ||
| 650 | _2Specific topics in natural history of plants | ||
| 700 |
_aHarborne, J B _973733 |
||
| 942 |
_2ddc _cBK |
||
| 999 |
_c226845 _d226845 |
||